Encyclopaedia of culture : (Record no. 10380)

MARC details
000 -LEADER
fixed length control field 00572cam a2200205ua 4500
001 - CONTROL NUMBER
control field 11573
005 - DATE AND TIME OF LATEST TRANSACTION
control field 20260515114753.0
008 - FIXED-LENGTH DATA ELEMENTS--GENERAL INFORMATION
fixed length control field 191010n ii |||gr||||Z||||||eng
020 ## - INTERNATIONAL STANDARD BOOK NUMBER
International Standard Book Number 9789382252801
040 ## - CATALOGING SOURCE
Transcribing agency MAIN
082 ## - DEWEY DECIMAL CLASSIFICATION NUMBER
Classification number 306.03
100 ## - MAIN ENTRY--PERSONAL NAME
Personal name Romesh T. Kunba . ,
Relator term Author.
245 ## - TITLE STATEMENT
Title Encyclopaedia of culture :
Remainder of title world religion and culture /
Statement of responsibility, etc. By Romesh T. Kunba .
250 ## - EDITION STATEMENT
Edition statement 1st ed /
Remainder of edition statement Vol.5.
260 ## - PUBLICATION, DISTRIBUTION, ETC.
Place of publication, distribution, etc. New Delhi:
Name of publisher, distributor, etc. Pacific books international,
Date of publication, distribution, etc. 2017.
300 ## - PHYSICAL DESCRIPTION
Extent 320p.
653 ## - INDEX TERM--UNCONTROLLED
Uncontrolled term Culture & institutions
653 ## - INDEX TERM--UNCONTROLLED
Uncontrolled term Culture
942 ## - ADDED ENTRY ELEMENTS (KOHA)
Koha item type Books
Holdings
Withdrawn status Lost status Damaged status Not for loan Home library Current library Shelving location Date acquired Total checkouts Full call number Barcode Date last seen Copy number Price effective from Koha item type
        Naharkatiya College Library Naharkatiya College Library General stacks 09/19/2020   306.03 | KUN 26540 09/19/2020 1 09/19/2020 Books